Sports Quiz

Random Sports or Football Quiz

Champions League XIs: Inter Milan Quiz Stats

 Plays Quiz not verified by Sporcle

Score 0/132 Timer 15:00
5 Plays Today
% Correct
Javier Zanetti
94.6%
Javier Zanetti
94.4%
Javier Zanetti
94.4%
Javier Zanetti
94.4%
Javier Zanetti
94.4%
Javier Zanetti
94.4%
Javier Zanetti
94.4%
Javier Zanetti
94.4%
Javier Zanetti
94.4%
Javier Zanetti
94.4%
Julio Cesar
94.2%
Julio Cesar
94.2%
Julio Cesar
94.2%
Julio Cesar
94.2%
Julio Cesar
94.2%
Cristiano Zanetti
94.1%
Cristiano Zanetti
94.1%
Cristiano Zanetti
94.1%
Julio Cesar
94%
Javier Zanetti
92%
Diego Milito
91.8%
Julio Cesar
91.8%
Diego Milito
91.7%
Samuel Eto'o
90.1%
Mauro Icardi
89%
Zlatan Ibrahimovic
88.2%
Zlatan Ibrahimovic
88.2%
Zlatan Ibrahimovic
88.2%
Esteban Cambiasso
88%
Esteban Cambiasso
88%
Esteban Cambiasso
88%
Esteban Cambiasso
88%
Esteban Cambiasso
88%
Esteban Cambiasso
87.8%
Wesley Sneijder
87.8%
Samuel Eto'o
87.6%
Wesley Sneijder
87.1%
Esteban Cambiasso
85.8%
Wesley Sneijder
85.4%
Walter Samuel
84.3%
Walter Samuel
84.3%
Walter Samuel
84.3%
Walter Samuel
84.2%
Samir Handanovic
82.6%
% Correct
Lucio
82.1%
Francesco Toldo
82%
Francesco Toldo
82%
Francesco Toldo
82%
Lucio
81.4%
Ronaldo
80.7%
Lucio
79.9%
Maicon
79%
Maicon
78.9%
Maicon
78.9%
Maicon
78.9%
Marco Materazzi
77%
Marco Materazzi
77%
Marco Materazzi
77%
Marco Materazzi
77%
Marco Materazzi
77%
Marco Materazzi
77%
Dejan Stankovic
77%
Dejan Stankovic
77%
Dejan Stankovic
77%
Dejan Stankovic
77%
Dejan Stankovic
77%
Dejan Stankovic
77%
Maicon
76.8%
Dejan Stankovic
76.7%
Christian Vieri
75.3%
Christian Vieri
75.3%
Dejan Stankovic
75.1%
Cristian Chivu
74.5%
Cristian Chivu
74.5%
Cristian Chivu
74%
Cristian Chivu
72.6%
Adriano
68.9%
Adriano
68.9%
Adriano
68.9%
Hernan Crespo
67.9%
Hernan Crespo
67.9%
Hernan Crespo
67.9%
Ivan Cordoba
65.9%
Ivan Cordoba
65.9%
Ivan Cordoba
65.9%
Ivan Cordoba
65.9%
Ivan Cordoba
65.9%
Ivan Cordoba
65.9%
% Correct
Ivan Cordoba
65.9%
Ivan Perisic
64.5%
Goran Pandev
64%
Luis Figo
62.1%
Luis Figo
62.1%
Patrick Vieira
56.8%
Marcelo Brozovic
53.5%
Gianluca Pagliuca
53.3%
Milan Skriniar
51.7%
Fabio Cannavaro
51.6%
Fabio Cannavaro
51.5%
Ivan Zamorano
50.8%
Thiago Motta
47.8%
Julio Ricardo Cruz
47.4%
Stefan de Vrij
47.1%
Obafemi Martins
45.9%
Juan Sebastian Veron
44.3%
Juan Sebastian Veron
44.3%
Radja Nainggolan
42.4%
Yuto Nagatomo
41.2%
Sulley Muntari
40.7%
Matías Vecino
40.1%
Youri Djorkaeff
39.7%
Danilo D'Ambrosio
39.5%
Matteo Politano
38.4%
Kwadwo Asamoah
37.8%
Diego Simeone
37.6%
Francesco Coco
35.2%
Giuseppe Bergomi
35.1%
Luigi Di Biagio
34%
Maxwell
33.4%
Alessandro Mancini
31.5%
Belozoglu Emre
31.2%
Belozoglu Emre
31.2%
Andy Van Der Meyde
29.4%
Kily Gonzalez
28.2%
Olivier Dacourt
28%
Mauro Zarate
27%
Aron Winter
25.9%
Benoit Cauet
23%
Giuseppe Favalli
22.2%
Francesco Colonnese
18.7%
Fabio Galante
16.4%
Pierre Wome
14.3%

You're not logged in!

Compare scores with friends on all Sporcle quizzes.
OR
Log In

Show Comments

Extras

Top Quizzes Today


Score Distribution

Your Account Isn't Verified!

In order to create a playlist on Sporcle, you need to verify the email address you used during registration. Go to your Sporcle Settings to finish the process.

Report this User

Report this user for behavior that violates our Community Guidelines.

Details: